<?xml version="1.0" encoding="UTF-8"?>
<record
    xmlns:xsi="http://www.w3.org/2001/XMLSchema-instance"
    xsi:schemaLocation="http://www.loc.gov/MARC21/slim http://www.loc.gov/standards/marcxml/schema/MARC21slim.xsd"
    xmlns="http://www.loc.gov/MARC21/slim">

  <leader>00455    a2200121   4500</leader>
  <controlfield tag="001">ART_11337</controlfield>
  <controlfield tag="005">20260410161856.0</controlfield>
  <controlfield tag="008">260409a                                 </controlfield>
  <datafield tag="245" ind1="1" ind2="0">
    <subfield code="a">Inversi&#xF3;n, demanda y rentabilidad de la actividad hotelera. Ley de promoci&#xF3;n y fomento tur&#xED;stico de la provincia de C&#xF3;rdoba N&#xBA; 7232</subfield>
  </datafield>
  <datafield tag="100" ind1="1" ind2=" ">
    <subfield code="a">Sonnet, Fernando H.</subfield>
  </datafield>
  <datafield tag="700" ind1="1" ind2=" ">
    <subfield code="a">Blanco, Alfredo F.</subfield>
  </datafield>
  <datafield tag="773" ind1="0" ind2=" ">
    <subfield code="t">Revista de Econom&#xED;a</subfield>
    <subfield code="g">- N&#xBA; 42/43 (jun. 1985)</subfield>
    <subfield code="w">REV11077</subfield>
  </datafield>
  <datafield tag="999" ind1=" " ind2=" ">
    <subfield code="c">25480</subfield>
    <subfield code="d">25480</subfield>
  </datafield>
</record>
